Ethnography : (Record no. 9496)

MARC details
000 -LEADER
fixed length control field 01806cam a2200433 a 4500
001 - CONTROL NUMBER
control field 14726044
005 - DATE AND TIME OF LATEST TRANSACTION
control field 20260502095444.0
008 - FIXED-LENGTH DATA ELEMENTS--GENERAL INFORMATION
fixed length control field 070206s2007 enk b 001 0 eng
010 ## - LIBRARY OF CONGRESS CONTROL NUMBER
LC control number 2007005419
015 ## - NATIONAL BIBLIOGRAPHY NUMBER
National bibliography number GBA730490
Source bnb
016 7# - NATIONAL BIBLIOGRAPHIC AGENCY CONTROL NUMBER
Record control number 013730457
Source Uk
020 ## - INTERNATIONAL STANDARD BOOK NUMBER
International Standard Book Number 0415396042
020 ## - INTERNATIONAL STANDARD BOOK NUMBER
International Standard Book Number 0415396050
020 ## - INTERNATIONAL STANDARD BOOK NUMBER
International Standard Book Number 0203944763
020 ## - INTERNATIONAL STANDARD BOOK NUMBER
International Standard Book Number 9780415396042
020 ## - INTERNATIONAL STANDARD BOOK NUMBER
International Standard Book Number 9780415396059
020 ## - INTERNATIONAL STANDARD BOOK NUMBER
International Standard Book Number 9780203944769
035 ## - SYSTEM CONTROL NUMBER
System control number 14726044
035 ## - SYSTEM CONTROL NUMBER
System control number (OCoLC)82473639
040 ## - CATALOGING SOURCE
Transcribing agency IRDP
Modifying agency BTCTA
-- BAKER
-- UKM
-- BWKUK
-- YDXCP
-- BWK
-- OCLCA
-- NLGGC
-- DLC
050 00 - LIBRARY OF CONGRESS CALL NUMBER
Classification number GN345
Item number .H35 2007
082 ## - DEWEY DECIMAL CLASSIFICATION NUMBER
Edition number 305.800 1 HAM
100 1# - MAIN ENTRY--PERSONAL NAME
Personal name Hammersley, Martyn.
245 10 - TITLE STATEMENT
Title Ethnography :
Remainder of title principles in practice /
Statement of responsibility, etc. Martyn Hammersley and Paul Atkinson.
250 ## - EDITION STATEMENT
Edition statement 3rd ed.
260 ## - PUBLICATION, DISTRIBUTION, ETC. (IMPRINT)
Place of publication, distribution, etc. London ;
-- New York :
Name of publisher, distributor, etc. Routledge,
Date of publication, distribution, etc. 2007.
300 ## - PHYSICAL DESCRIPTION
Extent xi, 275 p. ;
Dimensions 25 cm.
504 ## - BIBLIOGRAPHY, ETC. NOTE
Bibliography, etc Includes bibliographical references (p. [237]-266) and index.
505 0# - FORMATTED CONTENTS NOTE
Formatted contents note What is ethnography? -- Research design : problems, cases, and samples -- Access -- Field relations -- Oral accounts and the role of interviewing -- Documents and other artefacts, real and virtual -- Recording and organizing data -- The process of analysis -- Writing ethnography -- Ethics -- Epilogue : a distinctive analytic mentality.
650 #0 - SUBJECT ADDED ENTRY--TOPICAL TERM
Topical term or geographic name as entry element Ethnology
General subdivision Methodology.
650 #0 - SUBJECT ADDED ENTRY--TOPICAL TERM
Topical term or geographic name as entry element Ethnology
General subdivision Fieldwork.
650 #0 - SUBJECT ADDED ENTRY--TOPICAL TERM
Topical term or geographic name as entry element Social sciences
General subdivision Fieldwork.
700 1# - ADDED ENTRY--PERSONAL NAME
Personal name Atkinson, Paul,
Dates associated with a name 1947-
856 41 - ELECTRONIC LOCATION AND ACCESS
Materials specified Table of contents only
Uniform Resource Identifier <a href="http://www.loc.gov/catdir/toc/ecip0710/2007005419.html">http://www.loc.gov/catdir/toc/ecip0710/2007005419.html</a>
906 ## - LOCAL DATA ELEMENT F, LDF (RLIN)
a 7
b cbc
c orignew
d 1
e ecip
f 20
g y-gencatlg
942 ## - ADDED ENTRY ELEMENTS (KOHA)
Source of classification or shelving scheme Dewey Decimal Classification
Koha item type BOOKS
Holdings
Withdrawn status Lost status Source of classification or shelving scheme Damaged status Not for loan Home library Current library Shelving location Date acquired Total Checkouts Full call number Barcode Date last seen Copy number Price effective from Koha item type
    Dewey Decimal Classification     Dodoma Dodoma Ground Floor 02/05/2026   305.800 1 HAM LIB002410 02/05/2026 3 02/05/2026 BOOKS
    Dewey Decimal Classification     Dodoma Dodoma Ground Floor 02/05/2026   305.800 1HAM LIB000314 02/05/2026 5 02/05/2026 BOOKS
    Dewey Decimal Classification     Dodoma Dodoma Ground Floor 02/05/2026   305.800 1 HAM LIB002411 02/05/2026 4 02/05/2026 BOOKS
    Dewey Decimal Classification     Dodoma Dodoma Ground Floor 02/05/2026   305.800 1 HAM LIB002409 02/05/2026 2 02/05/2026 BOOKS

IRDP © 2021 :: Managed by ICT Team